000 00207 a2200097 4500
001 11837
100 _aKolarz, W.
245 _aHow Russia is ruled
260 _a
_bBatchworth, Press
_c
090 _c9093
_d9093
942 _aNUST-CAE
_cM
_c35926
999 _c246910
_d246910